[Event "Osijek op 12th"]
[Site "Osijek"]
[Date "2019.02.23"]
[Round "5.13"]
[White "Vurdelja, Slavko"]
[Black "Horvat, Damjan"]
[Result "0-1"]
[WhiteElo "1840"]
[BlackElo "2049"]
[PlyCount "102"]
[EventDate "2019.02.21"]
[EventType "swiss"]
[EventRounds "7"]
[EventCountry "CRO"]
[SourceTitle "EXT 2023"]
[Source "ChessBase"]
[SourceDate "2022.10.05"]
[SourceVersion "1"]
[SourceVersionDate "2022.10.05"]
[SourceQuality "1"]

1. e4 b6 2. d4 Bb7 3. Nc3 e6 4. Nf3 Bb4 5. Bd3 Nf6 6. Qe2 d5 7. e5 Ne4 8. Bd2 Nxd2 9. Qxd2 Ba6 10. a3 Be7 11. Bxa6 Nxa6 12. Ne2 c5 13. c3 cxd4 14. cxd4 Rc8 15. 0-0 0-0 16. Rac1 Qd7 17. Qd3 Nb8 18. h4 Nc6 19. b4 b5 20. Qxb5 Nxe5 21. Qxd7 Nxd7 22. g3 Bd6 23. Nc3 Nb6 24. Nb1 f6 25. Nfd2 Kf7 26. f4 h5 27. Nb3 Nc4 28. Nc5 Ne3 29. Rf3 Nf5 30. Rd3 g5 31. hxg5 fxg5 32. Re1 gxf4 33. gxf4 Rce8 34. Nd7 Rg8+ 35. Kf2 Bxf4 36. Ne5+ Kf6 37. Rh1 Bg3+ 38. Ke2 Nxd4+ 39. Rxd4 Kxe5 40. Rd3 h4 41. Nd2 Rg4 42. Nf3+ Kd6 43. Nd2 Rf8 44. Rg1 Rf2+ 45. Kd1 Rgf4 46. Kc1 Kd7 47. Kc2 Re2 48. Kb3 Ref2 49. Ka4 Ke7 50. Rc1 Rf7 51. Rc7+ Bxc7 0-1

[Event "Osijek op 10th"]
[Site "Osijek"]
[Date "2017.02.23"]
[Round "2"]
[White "Vurdelja, Slavko"]
[Black "Stocko, Josip"]
[Result "0-1"]
[WhiteElo "1914"]
[BlackElo "2348"]
[PlyCount "166"]
[EventDate "2017.02.23"]
[EventType "swiss"]
[EventRounds "7"]
[EventCountry "CRO"]
[SourceTitle "EXT 2019"]
[Source "ChessBase"]
[SourceDate "2018.10.10"]
[SourceVersion "1"]
[SourceVersionDate "2018.10.10"]
[SourceQuality "1"]

1. e4 c5 2. Nf3 d6 3. d4 cxd4 4. Nxd4 Nf6 5. Nc3 a6 6. Be2 e6 7. Be3 Be7 8. 0-0 0-0 9. f4 Qc7 10. Qd2 Nbd7 11. Bf3 Rd8 12. Qf2 Nc5 13. Nb3 Nfd7 14. Rad1 Rb8 15. g4 b5 16. f5 Na4 17. fxe6 fxe6 18. Nd4 Ne5 19. Nxa4 bxa4 20. b3 Rf8 21. Qe2 Bd7 22. Bg2 Qc3 23. h3 a5 24. Kh1 Qb2 25. Rxf8+ Rxf8 26. c4 Qxe2 27. Nxe2 axb3 28. axb3 Rb8 29. Bd4 Nc6 30. Rd3 Nxd4 31. Nxd4 Kf7 32. Kh2 Bd8 33. Nf3 Ke7 34. h4 Rb4 35. Nd2 a4 36. bxa4 Bxa4 37. Kg3 Rb2 38. Kf3 Bd1+ 39. Ke3 Bxg4 40. Bf3 Bb6+ 41. Kf4 Bxf3 42. Kxf3 Ba5 43. Nb3 Be1 44. c5 dxc5 45. Nxc5 Rf2+ 46. Kg4 Rh2 47. h5 Bb4 48. Na6 Bd6 49. Rb3 Rg2+ 50. Kh3 Rc2 51. Kg4 Rc4 52. Kf3 Rc8 53. Rb5 Kf6 54. Nb4 Rc3+ 55. Ke2 Rh3 56. Nc6 Bf4 57. Kf2 Rc3 58. e5+ Kg5 59. Nd8 Kf5 60. Ra5 Be3+ 61. Ke2 Bb6 62. Ra8 Bxd8 63. Rxd8 Rg3 64. h6 gxh6 65. Rd7 Kxe5 66. Rxh7 Rh3 67. Kf2 Ke4 68. Kg2 Rh5 69. Kg3 e5 70. Re7 Rf5 71. Re6 h5 72. Re8 Ke3 73. Ra8 Rg5+ 74. Kh4 Kf4 75. Ra5 Rg8 76. Kxh5 e4 77. Ra7 e3 78. Rf7+ Kg3 79. Re7 Kf2 80. Rf7+ Ke1 81. Re7 e2 82. Kh4 Rg1 83. Kh3 Kd2 0-1

[Event "Osijek-ch op"]
[Site "Osijek"]
[Date "2014.02.22"]
[Round "5"]
[White "Rajkovic, Mario"]
[Black "Vurdelja, Slavko"]
[Result "0-1"]
[WhiteElo "1836"]
[BlackElo "1970"]
[PlyCount "96"]
[EventDate "2014.02.20"]
[EventType "swiss"]
[EventRounds "7"]
[EventCountry "CRO"]
[SourceTitle "CBM 159 Extra"]
[Source "ChessBase"]
[SourceDate "2014.04.24"]
[SourceVersion "1"]
[SourceVersionDate "2014.04.24"]
[SourceQuality "1"]

1. e4 e5 2. Nf3 Nc6 3. d4 exd4 4. Nxd4 Bc5 5. Nb3 Bb6 6. Nc3 Qf6 7. Qe2 Nge7 8. Be3 0-0 9. 0-0-0 Bxe3+ 10. Qxe3 a6 11. f3 d6 12. g4 Ne5 13. Be2 N5g6 14. Kb1 Qf4 15. Qg1 b5 16. h4 Re8 17. h5 Nf8 18. Qg2 c6 19. Bd3 c5 20. Ne2 Qg5 21. c4 Rb8 22. Qh2 Rb6 23. Rhg1 Qf6 24. f4 Nc6 25. g5 Qe7 26. Nc3 Nb4 27. Nd5 Nxd5 28. exd5 bxc4 29. Bxc4 Bf5+ 30. Ka1 Rb4 31. Nd2 Qb7 32. Bb3 a5 33. Nc4 Qa6 34. Na3 a4 35. Bc2 Re2 36. Rg2 Bxc2 37. Rxe2 Bxd1 38. Re1 Qd3 39. g6 Qxd5 40. gxh7+ Nxh7 41. Re8+ Nf8 42. Qh4 f6 43. h6 gxh6 44. Re7 Qf5 45. Qxh6 Qg6 46. Qh1 Rd4 47. Nb5 Bf3 48. Qe1 Rd1+ 0-1

[Event "Osijek-ch op"]
[Site "Osijek"]
[Date "2014.02.22"]
[Round "6"]
[White "Vurdelja, Slavko"]
[Black "Vlaisavljevic, Milan"]
[Result "1/2-1/2"]
[WhiteElo "1970"]
[BlackElo "2033"]
[PlyCount "57"]
[EventDate "2014.02.20"]
[EventType "swiss"]
[EventRounds "7"]
[EventCountry "CRO"]
[SourceTitle "CBM 159 Extra"]
[Source "ChessBase"]
[SourceDate "2014.04.24"]
[SourceVersion "1"]
[SourceVersionDate "2014.04.24"]
[SourceQuality "1"]

1. e4 e5 2. Nf3 Nc6 3. Bc4 Be7 4. d4 exd4 5. Nxd4 d6 6. 0-0 Bd7 7. Be3 Nf6 8. f3 0-0 9. Qd2 Nxd4 10. Qxd4 b5 11. Be2 c5 12. Qd2 Bc6 13. Nc3 a6 14. Rad1 b4 15. Nd5 Nxd5 16. exd5 Bb5 17. Rfe1 Bf6 18. c3 bxc3 19. bxc3 Qa5 20. Rc1 Rfe8 21. Kf2 Rab8 22. Bf4 Qc7 23. g3 g6 24. h4 h5 25. Be3 Bxe2 26. Rxe2 Re7 27. Bg5 Bxg5 28. hxg5 Rbe8 29. Rce1 1/2-1/2

[Event "Osijek op"]
[Site "Osijek"]
[Date "2013.02.23"]
[Round "6.10"]
[White "Gnjezdur, Vladimir"]
[Black "Vurdelja, Slavko"]
[Result "1/2-1/2"]
[WhiteElo "2186"]
[BlackElo "1981"]
[PlyCount "115"]
[EventDate "2013.02.21"]
[EventType "swiss"]
[EventRounds "7"]
[EventCountry "CRO"]
[SourceTitle "EXT 2014"]
[Source "ChessBase"]
[SourceDate "2013.11.20"]
[SourceVersion "1"]
[SourceVersionDate "2013.11.20"]
[SourceQuality "1"]

1. e4 e5 2. Nf3 Nc6 3. Bb5 a6 4. Ba4 Be7 5. d4 b5 6. Bb3 d6 7. h3 Nf6 8. c3 Bb7 9. Nbd2 0-0 10. 0-0 Re8 11. Re1 h6 12. Nf1 Bf8 13. a4 Na5 14. Bc2 exd4 15. Qxd4 c5 16. Qd1 Bxe4 17. Bxe4 Nxe4 18. axb5 axb5 19. Bf4 Nc4 20. b3 Nb6 21. Qd3 Rxa1 22. Rxa1 c4 23. Qc2 Qf6 24. Bd2 d5 25. Ra6 Ra8 26. Rxa8 Nxa8 27. b4 Nc7 28. Be1 Bd6 29. Ne3 h5 30. Nd4 Qf4 31. Ndf5 Qh2+ 32. Kf1 g6 33. Nh4 Qf4 34. Nf3 Be7 35. Nd4 Bf6 36. Ne2 Qd6 37. Qd1 Be5 38. Nd4 Qf6 39. Nec2 Kg7 40. Kg1 Nd6 41. Qf3 Bxd4 42. Nxd4 Qxf3 43. Nxf3 Ne6 44. Kf1 f6 45. Kg1 Nf4 46. Nd4 Kf7 47. f3 Ke7 48. Bg3 Nd3 49. Bxd6+ Kxd6 50. Nxb5+ Kd7 51. g3 f5 52. Kf1 g5 53. Ke2 f4 54. g4 h4 55. Nd4 Ne5 56. Kd2 Kd6 57. Nf5+ Kc6 58. Nd4+ 1/2-1/2

[Event "Osijek-ch op"]
[Site "Osijek"]
[Date "2012.02.25"]
[Round "5"]
[White "Stocko, Josip"]
[Black "Vurdelja, Slavko"]
[Result "1-0"]
[WhiteElo "2189"]
[BlackElo "1988"]
[PlyCount "89"]
[EventDate "2012.02.23"]
[EventType "swiss"]
[EventRounds "7"]
[EventCountry "CRO"]
[SourceTitle "EXT 2013"]
[Source "ChessBase"]
[SourceDate "2012.11.22"]
[SourceVersion "1"]
[SourceVersionDate "2012.11.22"]
[SourceQuality "1"]

1. e4 d6 2. d4 Nf6 3. Nc3 c6 4. Nge2 Nbd7 5. g3 e5 6. Bg2 Be7 7. 0-0 0-0 8. a4 a5 9. h3 Ne8 10. Be3 Nb6 11. b3 f5 12. exf5 Bxf5 13. Qd2 Nf6 14. f4 exf4 15. Nxf4 d5 16. g4 Ne4 17. Nxe4 Bxe4 18. Bxe4 dxe4 19. c4 Qd7 20. Rad1 Bg5 21. Ne2 Be7 22. Ng3 Bb4 23. Qg2 Rae8 24. Rxf8+ Bxf8 25. Rf1 Nc8 26. Rf5 b6 27. Nxe4 Nd6 28. Nxd6 Bxd6 29. Bf2 Bc7 30. Rf3 Re2 31. Re3 Rxe3 32. Bxe3 Qd6 33. Qf3 h6 34. Kf1 Qg6 35. Ke2 Qc2+ 36. Bd2 Qg6 37. Qd3 Qd6 38. Kd1 Bd8 39. Qe4 Qf6 40. Kc2 Bc7 41. d5 cxd5 42. cxd5 Be5 43. Qf5 Kf7 44. Kd3 Ke7 45. Qxf6+ 1-0

[Event "Osijek-ch op"]
[Site "Osijek"]
[Date "2012.02.25"]
[Round "6"]
[White "Vurdelja, Slavko"]
[Black "Sulc, Damir"]
[Result "0-1"]
[WhiteElo "1988"]
[BlackElo "2253"]
[PlyCount "82"]
[EventDate "2012.02.23"]
[EventType "swiss"]
[EventRounds "7"]
[EventCountry "CRO"]
[SourceTitle "EXT 2013"]
[Source "ChessBase"]
[SourceDate "2012.11.22"]
[SourceVersion "1"]
[SourceVersionDate "2012.11.22"]
[SourceQuality "1"]

1. e4 c5 2. Nf3 d6 3. d4 cxd4 4. Nxd4 Nf6 5. Nc3 g6 6. Be2 Bg7 7. Be3 Nc6 8. 0-0 0-0 9. Kh1 Bd7 10. f4 Qc8 11. Bf3 Na5 12. Nce2 Nc4 13. Bc1 Ng4 14. Qd3 e5 15. Bxg4 Bxg4 16. Nf3 exf4 17. c3 Ne5 18. Qc2 Bxf3 19. gxf3 g5 20. Nd4 Qh3 21. Qg2 Qxg2+ 22. Kxg2 Rfd8 23. b3 Rac8 24. Bd2 d5 25. exd5 Rxd5 26. Rad1 Rcd8 27. Rfe1 Bf6 28. Re2 Nd3 29. Bc1 Nxc1 30. Rxc1 Bxd4 31. cxd4 Rxd4 32. h4 h6 33. hxg5 hxg5 34. Kh3 Kg7 35. Kg4 Kg6 36. Rc5 f6 37. Re7 R8d5 38. Rc8 f5+ 39. Kh3 g4+ 40. fxg4 Rd3+ 41. Kg2 fxg4 0-1

[Event "Osijek-ch op"]
[Site "Osijek"]
[Date "2011.02.26"]
[Round "6"]
[White "Rubil, Marko"]
[Black "Vurdelja, Slavko"]
[Result "1-0"]
[WhiteElo "2182"]
[BlackElo "2026"]
[PlyCount "105"]
[EventDate "2011.02.24"]
[EventType "swiss"]
[EventRounds "7"]
[EventCountry "CRO"]
[SourceTitle "EXT 2012"]
[Source "ChessBase"]
[SourceDate "2011.11.24"]
[SourceVersion "1"]
[SourceVersionDate "2011.11.24"]
[SourceQuality "1"]

1. e4 e5 2. Nf3 Nc6 3. Bb5 a6 4. Ba4 Be7 5. 0-0 b5 6. Bb3 Nf6 7. Re1 d6 8. c3 0-0 9. h3 Na5 10. Bc2 c5 11. d4 Qc7 12. Nbd2 Bd7 13. d5 g6 14. Nf1 Nh5 15. b3 c4 16. b4 Nb7 17. g4 Ng7 18. Ng3 a5 19. Kh2 axb4 20. cxb4 Qc8 21. Rg1 Kh8 22. Qd2 f6 23. Qh6 Rf7 24. Qe3 Rf8 25. Bb2 Qc7 26. a3 Nd8 27. Raf1 Nf7 28. Ne1 g5 29. Bd1 Qc8 30. Qf3 h6 31. Bc1 Kh7 32. Nf5 Bxf5 33. gxf5 Rh8 34. h4 Kg8 35. Kg2 Qd8 36. Rh1 h5 37. Rfg1 Kf8 38. Kf1 Ke8 39. Qc3 Qc7 40. Nf3 g4 41. Nh2 Nh6 42. f3 Bf8 43. fxg4 hxg4 44. Bxh6 Rxh6 45. Nxg4 Rh8 46. Nxf6+ Kd8 47. Rg6 Kc8 48. h5 Kb7 49. Rhg1 Ne8 50. Nxe8 Rxe8 51. a4 bxa4 52. Bxa4 Re7 53. Bc6+ 1-0

[Event "Osijek-ch op"]
[Site "Osijek"]
[Date "2011.02.24"]
[Round "1"]
[White "Grbavac, Toni"]
[Black "Vurdelja, Slavko"]
[Result "0-1"]
[WhiteElo "1691"]
[BlackElo "2026"]
[PlyCount "64"]
[EventDate "2011.02.24"]
[EventType "swiss"]
[EventRounds "7"]
[EventCountry "CRO"]
[SourceTitle "EXT 2012"]
[Source "ChessBase"]
[SourceDate "2011.11.24"]
[SourceVersion "1"]
[SourceVersionDate "2011.11.24"]
[SourceQuality "1"]

1. d4 Nf6 2. Nc3 d5 3. Nf3 Bf5 4. Bf4 e6 5. h3 Bb4 6. Bd2 0-0 7. e3 Nbd7 8. Ne2 Bxd2+ 9. Nxd2 c5 10. g4 Bg6 11. Bg2 Rc8 12. Nf3 cxd4 13. Nfxd4 e5 14. Nf5 Bxf5 15. gxf5 Qb6 16. b3 e4 17. Rc1 Qa5+ 18. c3 Ne5 19. 0-0 Rfd8 20. f3 Nd3 21. Rc2 Qb6 22. Nd4 Ne5 23. fxe4 dxe4 24. Rf4 Nc6 25. Bxe4 Nxd4 26. exd4 Qd6 27. Rh4 Qg3+ 28. Rg2 Qxh4 29. Qf3 Qxe4 30. Qg3 Ne8 31. f6 Rc6 32. fxg7 Rg6 0-1

[Event "Osijek op"]
[Site "Osijek"]
[Date "2010.01.30"]
[Round "8"]
[White "Gnjezdur, Vladimir"]
[Black "Vurdelja, Slavko"]
[Result "1-0"]
[WhiteElo "2132"]
[BlackElo "2055"]
[PlyCount "102"]
[EventDate "2010.01.23"]
[EventType "swiss"]
[EventRounds "9"]
[EventCountry "CRO"]
[SourceTitle "CBM 134 Extra"]
[Source "ChessBase"]
[SourceDate "2010.03.03"]
[SourceVersion "1"]
[SourceVersionDate "2010.03.03"]
[SourceQuality "1"]

1. e4 e5 2. Nf3 Nc6 3. Bb5 a6 4. Ba4 Nf6 5. c3 b5 6. Bb3 Be7 7. 0-0 0-0 8. a4 Bb7 9. Re1 d6 10. d4 Nd7 11. Nbd2 Bf6 12. Nf1 g6 13. Ne3 Na5 14. Bc2 c5 15. d5 Bg7 16. h3 Nf6 17. Nh2 Bc8 18. axb5 axb5 19. b4 Nh5 20. Rxa5 Rxa5 21. bxa5 Nf4 22. Nf3 Bd7 23. Kh2 Qc8 24. Ng1 h5 25. Bd2 c4 26. a6 h4 27. a7 Qa8 28. Rf1 Qxa7 29. g3 Nh5 30. Nf3 hxg3+ 31. fxg3 Qb8 32. Ng1 Qc8 33. Nf5 Qc7 34. Nh6+ Bxh6 35. Bxh6 Ng7 36. Qf3 Bc8 37. Qf6 Nh5 38. Qh4 Rd8 39. Bg5 Rf8 40. g4 f6 41. gxh5 fxg5 42. Rxf8+ Kxf8 43. Qxg5 gxh5 44. Qh6+ Kg8 45. Bd1 Qf7 46. Bxh5 Qf2+ 47. Kh1 Qg3 48. Qg6+ Qxg6 49. Bxg6 b4 50. cxb4 c3 51. Ne2 c2 1-0

[Event "Osijek op"]
[Site "Osijek"]
[Date "2009.02.02"]
[Round "4"]
[White "Zorman, Antun"]
[Black "Vurdelja, Slavko"]
[Result "1/2-1/2"]
[WhiteElo "1986"]
[BlackElo "2085"]
[PlyCount "85"]
[EventDate "2009.01.31"]
[EventType "swiss"]
[EventRounds "9"]
[EventCountry "CRO"]
[SourceTitle "EXT 2010"]
[Source "ChessBase"]
[SourceDate "2010.11.25"]
[SourceVersion "1"]
[SourceVersionDate "2010.11.25"]
[SourceQuality "1"]

1. e4 e5 2. Nf3 Nc6 3. c3 Be7 4. Bc4 Nf6 5. d3 0-0 6. a4 d6 7. h3 Be6 8. Bxe6 fxe6 9. Qb3 Qd7 10. 0-0 Nd8 11. Be3 c5 12. Nbd2 Nh5 13. g3 b6 14. Rac1 Kh8 15. Kg2 Qe8 16. d4 exd4 17. cxd4 Qg6 18. dxc5 bxc5 19. e5 Rc8 20. exd6 Bxd6 21. Nh4 Qe8 22. Ne4 Qc6 23. f3 c4 24. Qc2 Nf7 25. Nxd6 Qxd6 26. f4 g5 27. Qe4 gxh4 28. Rf3 Nxg3 29. Rxg3 hxg3 30. Bd4+ Kg8 31. Rc3 e5 32. Rxg3+ Kh8 33. fxe5 Qe6 34. Qg4 Ng5 35. Qxg5 Rg8 36. Qf6+ Qxf6 37. exf6 Rxg3+ 38. Kxg3 Kg8 39. Bxa7 Ra8 40. Bd4 Rxa4 41. Kg4 Ra5 42. Kf4 Kf7 43. h4 1/2-1/2

[Event "Osijek op"]
[Site "Osijek"]
[Date "2008.12.13"]
[Round "6"]
[White "Oreskovic, Pero"]
[Black "Vurdelja, Slavko"]
[Result "1-0"]
[WhiteElo "2113"]
[BlackElo "2053"]
[PlyCount "99"]
[EventDate "2008.12.08"]
[EventType "swiss"]
[EventRounds "9"]
[EventCountry "CRO"]
[SourceTitle "CBM 128 Extra"]
[Source "ChessBase"]
[SourceDate "2009.03.05"]
[SourceVersion "2"]
[SourceVersionDate "2009.03.25"]
[SourceQuality "1"]

1. Nf3 d6 2. g3 g6 3. Bg2 Bg7 4. 0-0 c6 5. d4 Nf6 6. c4 0-0 7. Nc3 Nbd7 8. Bg5 Re8 9. Qd2 Nb6 10. b3 Bf5 11. Nh4 Bd7 12. a4 Qc7 13. a5 Nc8 14. a6 Rb8 15. Rfb1 b6 16. e4 e5 17. d5 Ne7 18. dxc6 Bxc6 19. Rc1 Qd7 20. Rd1 Red8 21. Rac1 Rbc8 22. h3 Rc7 23. Qe3 Ne8 24. Bxe7 Qxe7 25. Nd5 Bxd5 26. Rxd5 Rdc8 27. Nf3 Rc5 28. Rcd1 Rxd5 29. Rxd5 Nc7 30. Rd1 Nxa6 31. Qd2 Bf8 32. b4 Rxc4 33. Bf1 Rxb4 34. Bxa6 Rxe4 35. Bd3 Ra4 36. Bb5 Ra5 37. Bc6 Kh8 38. Ng5 f5 39. h4 h6 40. Nf3 Qf6 41. Qc2 Rc5 42. Qa4 Qe7 43. Bd5 Qc7 44. h5 b5 45. Qa6 g5 46. Nxe5 Rc1 47. Rxc1 Qxc1+ 48. Kg2 Qc7 49. Ng6+ Kg7 50. Qxb5 1-0

[Event "Osijek op"]
[Site "Osijek"]
[Date "2008.02.03"]
[Round "9"]
[White "Oreskovic, Pero"]
[Black "Vurdelja, Slavko"]
[Result "1-0"]
[WhiteElo "2154"]
[BlackElo "2080"]
[PlyCount "85"]
[EventDate "2008.01.26"]
[EventType "team"]
[EventRounds "9"]
[EventCountry "CRO"]
[SourceTitle "EXT 2009"]
[Source "ChessBase"]
[SourceDate "2008.11.26"]
[SourceVersion "1"]
[SourceVersionDate "2008.11.26"]
[SourceQuality "1"]

1. Nf3 Nf6 2. g3 d5 3. Bg2 Nc6 4. 0-0 e5 5. d3 Be7 6. Nbd2 0-0 7. e4 dxe4 8. dxe4 Bg4 9. h3 Bxf3 10. Qxf3 Nd4 11. Qd1 Nd7 12. Nb3 Nxb3 13. axb3 c6 14. c3 Qc7 15. b4 b6 16. Be3 Kh8 17. f4 c5 18. b5 c4 19. Kh1 Nc5 20. fxe5 Nd3 21. Qh5 Qxe5 22. Qxe5 Nxe5 23. Rfd1 Rfd8 24. Rd5 f6 25. Bd4 Nd3 26. Ra2 Kg8 27. Rxd8+ Rxd8 28. Rxa7 Bc5 29. Bxc5 Nxc5 30. h4 Rd1+ 31. Kh2 Rd2 32. Kh3 h5 33. Bf3 g6 34. Rc7 Rxb2 35. e5 fxe5 36. Bd5+ Kh8 37. Bxc4 Ne4 38. Bf7 g5 39. hxg5 Nxg5+ 40. Kh4 Nxf7 41. Rxf7 Rxb5 42. Kxh5 e4+ 43. Kg6 1-0

[Event "Osijek op"]
[Site "Osijek"]
[Date "2008.01.31"]
[Round "6"]
[White "Vurdelja, Slavko"]
[Black "Bokun, Josip"]
[Result "1/2-1/2"]
[WhiteElo "2080"]
[BlackElo "1810"]
[PlyCount "70"]
[EventDate "2008.01.26"]
[EventType "team"]
[EventRounds "9"]
[EventCountry "CRO"]
[SourceTitle "EXT 2009"]
[Source "ChessBase"]
[SourceDate "2008.11.26"]
[SourceVersion "1"]
[SourceVersionDate "2008.11.26"]
[SourceQuality "1"]

1. e4 c5 2. Nf3 Nc6 3. d4 cxd4 4. Nxd4 e6 5. Nc3 a6 6. Be3 Nf6 7. f3 Be7 8. Qd2 0-0 9. 0-0-0 d6 10. g4 Bd7 11. Kb1 b5 12. g5 Ne8 13. f4 b4 14. Nce2 a5 15. Bg2 Rb8 16. Nxc6 Bxc6 17. Nd4 Bd7 18. h4 g6 19. h5 Ng7 20. hxg6 fxg6 21. Ne2 a4 22. Bd4 b3 23. cxb3 axb3 24. a3 e5 25. Bxe5 dxe5 26. Qxd7 exf4 27. Qc6 Qc8 28. e5 Qxc6 29. Bxc6 Bxg5 30. Bd5+ Kh8 31. Nd4 Nf5 32. Ne6 Be7 33. Nxf4 Nh4 34. Rxh4 Bxh4 35. Ne6 Rf5 1/2-1/2

[Event "Osijek op"]
[Site "Osijek"]
[Date "2008.01.29"]
[Round "4"]
[White "Zaric, Aleksandar"]
[Black "Vurdelja, Slavko"]
[Result "0-1"]
[WhiteElo "1909"]
[BlackElo "2080"]
[PlyCount "60"]
[EventDate "2008.01.26"]
[EventType "team"]
[EventRounds "9"]
[EventCountry "CRO"]
[SourceTitle "EXT 2009"]
[Source "ChessBase"]
[SourceDate "2008.11.26"]
[SourceVersion "1"]
[SourceVersionDate "2008.11.26"]
[SourceQuality "1"]

1. e4 e5 2. f4 Bc5 3. Nf3 d6 4. Bc4 Nf6 5. d3 Nc6 6. fxe5 Nxe5 7. Nxe5 dxe5 8. h3 h6 9. Qe2 Qe7 10. Be3 Bd7 11. Nd2 a6 12. a3 Bxe3 13. Qxe3 0-0 14. Qf3 b5 15. Ba2 c5 16. 0-0 Rac8 17. b3 Rc6 18. Kh2 g6 19. g4 Kg7 20. Qe3 Bxg4 21. Rxf6 Qxf6 22. Rf1 Qh4 23. Kg2 Bc8 24. Nf3 Bxh3+ 25. Kh2 Qh5 26. Rf2 Rf6 27. Kg1 Rf4 28. Nh2 Qd1+ 29. Nf1 Rg4+ 30. Kh2 Bxf1 0-1

[Event "Osijek op 3rd"]
[Site "Osijek"]
[Date "2007.12.11"]
[Round "5.11"]
[White "Bokun, Josip"]
[Black "Vurdelja, Slavko"]
[Result "1-0"]
[WhiteElo "1810"]
[BlackElo "2033"]
[PlyCount "151"]
[EventDate "2007.12.08"]
[EventType "swiss"]
[EventRounds "9"]
[EventCountry "CRO"]
[SourceTitle "CBM 121 Extra"]
[Source "ChessBase"]
[SourceDate "2008.01.10"]
[SourceVersion "1"]
[SourceVersionDate "2008.01.10"]
[SourceQuality "1"]

1. d4 d5 2. c4 c6 3. e3 Bf5 4. Bd3 Bxd3 5. Qxd3 Nf6 6. Nc3 e6 7. c5 Nbd7 8. Nf3 Be7 9. h3 0-0 10. 0-0 Qc7 11. e4 dxe4 12. Nxe4 Nxe4 13. Qxe4 Nf6 14. Qc2 Rad8 15. Be3 Nd5 16. a3 Bf6 17. Bg5 Bxg5 18. Nxg5 Nf6 19. Rad1 Qf4 20. Nf3 Rd5 21. Rfe1 Rfd8 22. Qb3 R8d7 23. g3 Qb8 24. Re5 h6 25. Qe3 Nh7 26. Kg2 Nf8 27. Rxd5 Rxd5 28. Ne5 Qd8 29. Qf4 f6 30. Nf3 e5 31. Qe3 Ne6 32. Qb3 Qd7 33. Rd2 Kh8 34. dxe5 Rxd2 35. Nxd2 fxe5 36. Qe3 Qd5+ 37. Ne4 a5 38. Kh2 Kg8 39. b4 axb4 40. axb4 Kf8 41. Nd6 b6 42. Qa3 bxc5 43. bxc5 Nxc5 44. Nb7 Kg8 45. Qxc5 Qf3 46. Nd8 e4 47. Ne6 Qf6 48. Nf4 g5 49. Ng2 Kg7 50. h4 Kg6 51. Qc2 Kg7 52. hxg5 hxg5 53. Qxe4 Qxf2 54. Qxc6 Qd2 55. Qe8 Qc2 56. Qh5 Qd2 57. Kh3 Kf6 58. Qh6+ Kf7 59. Qh5+ Kf6 60. Qf3+ Kg6 61. g4 Kg7 62. Qe3 Qd8 63. Qe5+ Kg8 64. Ne3 Kf8 65. Qh8+ Ke7 66. Qxd8+ Kxd8 67. Kg3 Ke7 68. Kf3 Kf6 69. Ke4 Kg6 70. Ke5 Kh6 71. Kf6 Kh7 72. Nf5 Kg8 73. Kxg5 Kh7 74. Kf6 Kg8 75. g5 Kh7 76. g6+ 1-0

[Event "Osijek op"]
[Site "Osijek"]
[Date "2007.02.15"]
[Round "8"]
[White "Sucic, Mihael"]
[Black "Vurdelja, Slavko"]
[Result "0-1"]
[WhiteElo "1908"]
[BlackElo "2072"]
[PlyCount "119"]
[EventDate "2007.02.08"]
[EventType "swiss"]
[EventRounds "9"]
[EventCountry "CRO"]
[SourceTitle "EXT 2008"]
[Source "ChessBase"]
[SourceDate "2007.11.25"]
[SourceVersion "1"]
[SourceVersionDate "2007.11.25"]
[SourceQuality "1"]

1. d4 Nf6 2. c4 d6 3. Nc3 Nbd7 4. e4 e5 5. f4 g6 6. Nf3 exd4 7. Qxd4 Bg7 8. Be2 0-0 9. Qd1 Nc5 10. e5 dxe5 11. Qxd8 Rxd8 12. Nxe5 c6 13. 0-0 Nfe4 14. Nxe4 Nxe4 15. Be3 Re8 16. Bd4 c5 17. Be3 f6 18. Nf3 b6 19. Bd3 Bb7 20. Rfe1 f5 21. Rab1 Rad8 22. Bc2 Rd6 23. Bf2 Bc6 24. b3 Red8 25. a4 Nc3 26. Rbc1 Bxf3 27. gxf3 Rd2 28. Kf1 Bf6 29. Re6 Bd4 30. Bxd4 R8xd4 31. Re3 Na2 32. Re8+ Kf7 33. Rce1 Rd7 34. R8e2 Nb4 35. Bb1 Kg7 36. Re7+ Rxe7 37. Rxe7+ Kf6 38. Re2 Rd1+ 39. Re1 Rd4 40. Kf2 Rxf4 41. Re8 Rd4 42. Ke2 Rh4 43. Ra8 Nc6 44. Bd3 Nd4+ 45. Kd1 Nxb3 46. Kc2 Na5 47. Rxa7 Nxc4 48. Ra6 Ke5 49. Kc3 Kd5 50. Ra7 Na5 51. Rd7+ Ke6 52. Bb5 Rxh2 53. Ra7 Rh3 54. Kc2 Ke5 55. Ra6 Rxf3 56. Rxb6 Nb3 57. Bd3 Nd4+ 58. Kd2 Rf2+ 59. Ke3 Ra2 60. Rb7 0-1

[Event "Osijek op"]
[Site "Osijek"]
[Date "2007.02.13"]
[Round "7"]
[White "Vurdelja, Slavko"]
[Black "Grguric, Damir"]
[Result "1/2-1/2"]
[WhiteElo "2034"]
[BlackElo "2008"]
[PlyCount "35"]
[EventDate "2007.02.08"]
[EventType "swiss"]
[EventRounds "9"]
[EventCountry "CRO"]
[SourceTitle "CBM 116 Extra"]
[Source "ChessBase"]
[SourceDate "2007.03.07"]
[SourceVersion "1"]
[SourceVersionDate "2007.03.07"]
[SourceQuality "1"]

1. e4 c5 2. Nf3 d6 3. d4 cxd4 4. Nxd4 Nf6 5. Nc3 g6 6. Be3 a6 7. Be2 Bg7 8. 0-0 0-0 9. a4 b6 10. f4 Bb7 11. Bf3 Nbd7 12. Nb3 Qc7 13. Qe2 Rac8 14. Rac1 Qb8 15. Rb1 Rc7 16. Bd2 Qa8 17. Rfe1 Rfc8 18. Kf2 1/2-1/2

[Event "Osijek op"]
[Site "Osijek"]
[Date "2007.02.08"]
[Round "1"]
[White "Djaic, Kristijan"]
[Black "Vurdelja, Slavko"]
[Result "0-1"]
[WhiteElo "1616"]
[BlackElo "2034"]
[PlyCount "52"]
[EventDate "2007.02.08"]
[EventType "swiss"]
[EventRounds "9"]
[EventCountry "CRO"]
[SourceTitle "CBM 116 Extra"]
[Source "ChessBase"]
[SourceDate "2007.03.07"]
[SourceVersion "1"]
[SourceVersionDate "2007.03.07"]
[SourceQuality "1"]

1. e4 e5 2. Nf3 Nc6 3. Bb5 a6 4. Bxc6 dxc6 5. Nxe5 Qd4 6. Ng4 Qxe4+ 7. Ne3 Be6 8. 0-0 0-0-0 9. Nc3 Qg6 10. d3 f5 11. Re1 Bd6 12. Qf3 Nh6 13. Bd2 Rhf8 14. Nf1 Ng4 15. Bf4 Bc5 16. Be3 Nxe3 17. Nxe3 Rde8 18. Re2 Qf6 19. Rae1 g5 20. Qh5 Re7 21. Nc4 g4 22. Re5 Bd4 23. R5e2 Bxc3 24. bxc3 Bf7 25. Qxh7 Rxe2 26. Rxe2 Rh8 0-1

[Event "Osijek op"]
[Site "Osijek"]
[Date "2005.02.17"]
[Round "7"]
[White "Vurdelja, Slavko"]
[Black "Marjanovic, Marinko"]
[Result "1-0"]
[WhiteElo "2060"]
[BlackElo "1976"]
[PlyCount "123"]
[EventDate "2005.02.12"]
[EventType "swiss"]
[EventRounds "9"]
[EventCountry "CRO"]
[SourceTitle "EXT 2006"]
[Source "ChessBase"]
[SourceDate "2005.11.24"]
[SourceVersion "1"]
[SourceVersionDate "2005.11.24"]
[SourceQuality "1"]

1. e4 c6 2. d4 d5 3. exd5 cxd5 4. c4 Nf6 5. Nc3 e6 6. Nf3 Be7 7. Bd3 Nc6 8. a3 0-0 9. 0-0 b6 10. cxd5 Nxd5 11. Be4 Bf6 12. Re1 Nde7 13. Qd3 h6 14. Be3 Bb7 15. b4 Nd5 16. Rad1 Rc8 17. Nxd5 exd5 18. Bf5 Rc7 19. Bf4 Re7 20. Qd2 Rxe1+ 21. Rxe1 g5 22. Be3 Kg7 23. h4 Rh8 24. hxg5 hxg5 25. Bg4 Kg6 26. b5 Na5 27. Qd3+ Kg7 28. Bc1 Rh6 29. Qf5 Rg6 30. Ne5 Rh6 31. Bxg5 Rh8 32. Bh5 Bc8 33. Bxf6+ Qxf6 34. Qxf6+ Kxf6 35. Bxf7 Nb3 36. Rd1 Rd8 37. Rd3 Nxd4 38. Rxd4 Kxe5 39. Rd2 d4 40. f3 Bf5 41. Kf2 Rd7 42. Ba2 Rc7 43. f4+ Kf6 44. Bb3 Rc3 45. Bd1 d3 46. a4 Rc7 47. g4 Be4 48. Ke3 Rc4 49. Rh2 Kg6 50. Rh8 Rc1 51. Kd2 Ra1 52. Rd8 Kf6 53. Rd4 Bg6 54. f5 Bf7 55. Rxd3 Ke7 56. Ke3 Bc4 57. Rd4 Bf1 58. Kf4 a6 59. bxa6 Bxa6 60. g5 Rc1 61. f6+ Ke6 62. Bb3+ 1-0